| 000 | 01453cam a22003977a 4500 | ||
|---|---|---|---|
| 001 | 13001035 | ||
| 003 | OSt | ||
| 005 | 20140310181740.0 | ||
| 008 | 021113s2002 nyua b 000 0 eng d | ||
| 010 | _a 2002726574 | ||
| 020 | _a0439260825 (pbk.) | ||
| 035 | _a(OCoLC)ocm49933711 | ||
| 040 |
_aSM8 _cSM8 _dDLC |
||
| 042 | _alccopycat | ||
| 050 | 0 | 0 |
_aLB 1573 _b.R49 2002 |
| 082 | 0 | 0 |
_aTR 372.422 _bR31 2002 |
| 100 | 1 |
_aReutzel, D. Ray _q(Douglas Ray), _d1953- _9404 |
|
| 245 | 1 | 0 |
_aYour classroom library : _bnew ways to give it more teaching power / _cby D. Ray Reutzel and Parker C. Fawson. |
| 260 |
_aNew York : _bScholastic Professional Books, _cc2002. |
||
| 300 |
_a128 p. ; _bill. ; _c28 cm. |
||
| 490 | 1 | _aScholastic teaching strategies | |
| 500 | _a"Grades K-6"--Cover. | ||
| 500 | _a"Great teacher-tested and research-based strategies for organizing and using your library to increase students' reading achievement." | ||
| 504 | _aIncludes bibliographical references (p. 115-112). | ||
| 521 | _aFaculty | ||
| 541 | _j1 | ||
| 562 | _eTeachers Reference | ||
| 650 | 0 |
_aReading (Elementary) _992 |
|
| 650 | 0 |
_aChildren _xBooks and reading. _9405 |
|
| 650 | 0 |
_aClassroom libraries. _9406 |
|
| 700 | 1 |
_aFawson, Parker C. _9407 |
|
| 830 | 0 |
_aTeaching strategies. _9408 |
|
| 906 |
_a7 _bcbc _ccopycat _d2 _encip _f20 _gy-gencatlg |
||
| 942 |
_2lcc _cBK-TR _kTR |
||
| 999 |
_c2720 _d2720 |
||